000 00842nam a2200241 4500
003 OSt
005 20260601193841.0
008 260420b1972 mx a|||| |||| 00| 0 spa d
040 _aICI
_bspa
_cICI
050 1 _aSB486.D46
_bA58
100 1 _aÁlvarez Fuentes, Manuel,
245 1 _aRecreacion :
_bdiseño ambiental en parques y areas de juego /
_cManuel Álvarez Fuentes
_h1972
264 _bM. Alvarez Fuentes,
_c1973
_a[México] :
300 _a1 volumen (sin páginas)
_c28.3 cm.
336 _atexto
_2rdacontent
337 _asin medio
_2rdamedia
338 _avolumen
_2rdacarrier
650 _aParques
_xDiseño y construccion
650 _aParques
_xDiseño y construcción
_zMéxico
650 _aÁreas de recreación
_xDiseño y construcción
650 _aÁreas de recreación
_xDiseño y construcción
_zMéxico
942 _2lcc
_cB
999 _c21437
_d21437